[Event "Titled Tue 27th May Late"]
[Site "chess.com INT"]
[Date "2025.05.27"]
[Round "9"]
[White "Avila Bautista, Roberto Al"]
[Black "Wu, Derek"]
[Result "1-0"]
[WhiteTitle "FM"]
[BlackTitle "FM"]
[WhiteElo "2306"]
[BlackElo "2232"]
[WhiteFideId "5119987"]
[BlackFideId "30914558"]
[EventDate "2025.05.27"]

1. Nf3 d5 2. b3 Nf6 3. Bb2 e6 4. g3 Be7 5. Bg2 O-O 6. O-O b6 7. e3 Bb7 8. Qe2 c5
9. Rd1 Nc6 10. c4 Qc7 11. Nc3 Rad8 12. cxd5 Nxd5 13. Nxd5 Rxd5 14. d4 cxd4 15.
Nxd4 Nxd4 16. Bxd4 Rd7 17. Rac1 Qb8 18. Qg4 g6 19. h4 Bxg2 20. Kxg2 h5 21. Qf3
Rfd8 22. Bb2 Rd2 23. Rxd2 Rxd2 24. Bf6 Bf8 25. Bc3 Rd5 26. e4 Rc5 27. b4 Rc6 28.
Qf6 Rxc3 29. Qxc3 Qb7 30. Qc6 Qa6 31. a4 Qd3 32. Qa8 Kg7 33. Rc7 Bxb4 34. Qb7
Kf6 35. Rxf7+ Ke5 36. Rf4 Bc5 37. Qg7+ Kd6 38. Qxa7 Qd4 39. Qb8+ Kc6 40. Qc8+
Kd6 41. Qd8+ Kc6 42. Qxd4 Bxd4 43. Rf7 Kc5 44. Re7 e5 45. Re6 Kb4 46. Rxg6 Kxa4
47. f4 b5 48. f5 b4 49. f6 b3 50. f7 Bc5 51. Ra6+ Kb5 52. Ra8 Kc4 53. f8=Q Bxf8
54. Rxf8 1-0

[Event "Titled Tue 27th May Late"]
[Site "chess.com INT"]
[Date "2025.05.27"]
[Round "9"]
[White "Lazaro Azcutia, Miguel"]
[Black "Howell, David W L"]
[Result "0-1"]
[WhiteTitle "CM"]
[BlackTitle "GM"]
[WhiteElo "2275"]
[BlackElo "2668"]
[WhiteFideId "54538254"]
[BlackFideId "410608"]
[EventDate "2025.05.27"]

1. e4 c5 2. Nf3 Nc6 3. d4 cxd4 4. Nxd4 e6 5. Nc3 Qc7 6. g3 a6 7. Bg2 d6 8. Nxc6
bxc6 9. O-O Nf6 10. b3 d5 11. Bb2 Be7 12. Qe2 O-O 13. Rad1 a5 14. Rfe1 Ba6 15.
Qe3 Rfe8 16. Na4 Nxe4 17. Bxe4 dxe4 18. Nc5 Bxc5 19. Qxc5 f5 20. Rd6 Qf7 21.
Red1 Ra7 22. Rd8 Re7 23. Ba3 Rxd8 24. Rxd8+ Re8 25. Qd4 h6 26. Bb2 Rxd8 27.
Qxd8+ Kh7 28. Qd4 Be2 29. h3 Bf3 30. c4 Qc7 31. Qe5 Qd7 32. Qd4 Qe7 33. Bc3 Qg5 0-1

[Event "Titled Tue 27th May Late"]
[Site "chess.com INT"]
[Date "2025.05.27"]
[Round "9"]
[White "Bykov, Egor"]
[Black "Haug, Havard"]
[Result "0-1"]
[WhiteTitle "FM"]
[BlackTitle "FM"]
[WhiteElo "2441"]
[BlackElo "2354"]
[WhiteFideId "34115290"]
[BlackFideId "1547887"]
[EventDate "2025.05.27"]

1. d4 Nf6 2. Bg5 g6 3. Bxf6 exf6 4. c4 d5 5. cxd5 Qxd5 6. Nc3 Qd8 7. e3 Bg7 8.
g3 O-O 9. Bg2 f5 10. Nge2 Nd7 11. O-O c5 12. d5 Ne5 13. Qc2 Bd7 14. Nf4 Nc4 15.
Rfd1 Nd6 16. Rab1 Rc8 17. h4 b5 18. a3 c4 19. Nce2 a5 20. Nd4 Bxd4 21. Rxd4 b4
22. axb4 axb4 23. Ra1 Ra8 24. Rxa8 Qxa8 25. h5 b3 26. Qc1 Rc8 27. Ne2 Nb5 28.
Rxc4 Rxc4 29. Qxc4 Qa1+ 30. Qc1 Qa5 31. Bf3 Nd6 32. Qd1 Nc4 33. Qd4 Qe1+ 34. Kh2
Qxf2+ 35. Bg2 Nxe3 0-1

[Event "Titled Tue 27th May Late"]
[Site "chess.com INT"]
[Date "2025.05.27"]
[Round "9"]
[White "Morris-Suzuki, Alan H"]
[Black "Sharankov, Grigory"]
[Result "1-0"]
[BlackTitle "CM"]
[WhiteElo "1986"]
[BlackElo "2238"]
[WhiteFideId "30933218"]
[BlackFideId "4168356"]
[EventDate "2025.05.27"]

1. Nf3 Nf6 2. g3 b5 3. Bg2 Bb7 4. O-O e6 5. a4 b4 6. a5 Be7 7. c3 c5 8. d4 bxc3
9. Nxc3 O-O 10. Qb3 Bxf3 11. Bxf3 Nc6 12. dxc5 Nd4 13. Qc4 Nxf3+ 14. exf3 Rc8
15. b4 d6 16. Rd1 Qe8 17. Nb5 dxc5 18. Nxa7 Rc7 19. Nb5 Rb7 20. Nd6 Bxd6 21.
Rxd6 cxb4 22. Rb6 Qa8 23. Qxb4 Nd5 24. Rxb7 Nxb4 25. Rxb4 Qxf3 26. Be3 Rd8 27.
Rbb1 h5 28. h4 Ra8 29. a6 Qe4 30. a7 Kh7 31. Rb8 f6 32. Rxa8 Qxa8 33. Rb1 Qf3
34. Rb8 Qd1+ 35. Kh2 1-0

[Event "Titled Tue 27th May Late"]
[Site "chess.com INT"]
[Date "2025.05.27"]
[Round "9"]
[White "Brown, Akeem"]
[Black "Brancaleoni, Maurizio"]
[Result "0-1"]
[WhiteTitle "CM"]
[BlackTitle "FM"]
[WhiteElo "2055"]
[BlackElo "2185"]
[WhiteFideId "7402023"]
[BlackFideId "803022"]
[EventDate "2025.05.27"]

1. e4 c6 2. d4 d5 3. Nc3 dxe4 4. Nxe4 Nf6 5. Nxf6+ exf6 6. c3 Bd6 7. Bd3 O-O 8.
Qc2 Re8+ 9. Ne2 h6 10. O-O Nd7 11. Be3 Nf8 12. Rad1 Bg4 13. h3 Bh5 14. Rfe1 Bg6
15. Nf4 Bxf4 16. Bxf4 Bxd3 17. Qxd3 Ne6 18. Be3 Qa5 19. a3 Rad8 20. c4 Rd7 21.
Re2 Qd8 22. Red2 Ng5 23. Bxg5 hxg5 24. d5 cxd5 25. cxd5 Rd6 26. Qb5 b6 27. a4
Qd7 28. Qc4 Rc8 29. Qd4 Rd8 30. Rd3 g6 31. b3 Kg7 32. Qe4 Re8 33. Qc4 Rc8 34.
Qe4 Re8 35. Qf3 Re5 36. Rd4 Qf5 37. Qxf5 gxf5 38. Kf1 f4 39. g3 fxg3 40. fxg3 f5
41. Kf2 Kf6 42. Kf3 Ke7 43. h4 g4+ 44. Kf4 Kf6 45. R1d3 Rdxd5 46. h5 Re4+ 47.
Rxe4 Rxd3 48. Re3 Rxe3 49. Kxe3 Kg5 50. h6 Kxh6 51. Kf4 Kg6 52. Ke5 Kg5 0-1

[Event "Titled Tue 27th May Late"]
[Site "chess.com INT"]
[Date "2025.05.27"]
[Round "9"]
[White "Gharibyan, Mamikon"]
[Black "Becking, Stephan"]
[Result "1-0"]
[WhiteTitle "GM"]
[BlackTitle "IM"]
[WhiteElo "2472"]
[BlackElo "2410"]
[WhiteFideId "13308300"]
[BlackFideId "4632478"]
[EventDate "2025.05.27"]

1. e4 e6 2. d4 d5 3. Nc3 Nf6 4. e5 Nfd7 5. Nce2 c5 6. c3 Nc6 7. Nf3 Be7 8. h4
Qb6 9. h5 h6 10. g3 O-O 11. Bh3 f5 12. Nf4 cxd4 13. cxd4 Nd8 14. Ng6 Rf7 15. g4
fxg4 16. Bxg4 Bb4+ 17. Kf1 Nf8 18. a3 Be7 19. Rg1 Nh7 20. Bxh6 gxh6 21. Nxe7+
Kf8 22. Ng6+ Ke8 23. Qd2 Ng5 24. Nxg5 hxg5 25. h6 Nc6 26. Rd1 Bd7 27. Rh1 Kd8
28. h7 Kc7 29. h8=Q Rxh8 30. Rxh8 Na5 31. Qxg5 Qxb2 32. Qd2 Qxd2 33. Rxd2 Nc4
34. Rd3 Kb6 35. Ke1 Bb5 36. Rb3 Ka6 37. Bxe6 Rg7 38. Rh6 1-0

[Event "Titled Tue 27th May Late"]
[Site "chess.com INT"]
[Date "2025.05.27"]
[Round "9"]
[White "Gustafsson, Jan"]
[Black "Kravtsiv, Martyn"]
[Result "0-1"]
[WhiteTitle "GM"]
[BlackTitle "GM"]
[WhiteElo "2591"]
[BlackElo "2598"]
[WhiteFideId "4625498"]
[BlackFideId "14113147"]
[EventDate "2025.05.27"]

1. c4 e6 2. Nc3 d5 3. d4 Nf6 4. Bg5 Be7 5. e3 O-O 6. Nf3 h6 7. Bh4 b6 8. Bd3
dxc4 9. Bxc4 Bb7 10. O-O a6 11. Qe2 b5 12. Bd3 Nbd7 13. Rfd1 c5 14. dxc5 Bxc5
15. a4 b4 16. Ne4 Be7 17. Bxf6 Bxf6 18. Rac1 Qb6 19. Nxf6+ Nxf6 20. Ne5 Rac8 21.
h3 Rfd8 22. Rxc8 Rxc8 23. Nc4 Qc6 24. e4 Rd8 25. Na5 Qc7 26. Nxb7 Qxb7 27. e5
Nd5 28. Bxa6 Qa8 29. a5 Nf4 30. Rxd8+ Qxd8 31. Qf3 Ng6 32. Qb7 Qxa5 33. Bd3 Qa1+
34. Kh2 Qxb2 35. Bxg6 fxg6 36. Qb8+ Kh7 37. Qd6 b3 38. Qxe6 Qc2 0-1

[Event "Titled Tue 27th May Late"]
[Site "chess.com INT"]
[Date "2025.05.27"]
[Round "9"]
[White "Petriashvili, Nikoloz"]
[Black "Barseghyan, Armen Ar."]
[Result "0-1"]
[WhiteTitle "IM"]
[BlackTitle "IM"]
[WhiteElo "2468"]
[BlackElo "2348"]
[WhiteFideId "13611216"]
[BlackFideId "13306707"]
[EventDate "2025.05.27"]

1. Na3 Nf6 2. Nf3 d5 3. g3 c5 4. Bg2 Nc6 5. O-O e6 6. d3 Be7 7. c3 O-O 8. Bf4 b6
9. Ne5 Bb7 10. Nc2 h6 11. a4 Nxe5 12. Bxe5 Nd7 13. Bf4 e5 14. Bd2 Nf6 15. a5 Qd7
16. Qb1 Rfc8 17. Qa2 b5 18. a6 Bc6 19. d4 exd4 20. cxd4 c4 21. Bb4 Bxb4 22. Nxb4
Qe7 23. Qa3 Qxe2 24. Rfe1 Qg4 25. Qe3 Re8 26. Qf4 Qxf4 27. gxf4 Rxe1+ 28. Rxe1
Rc8 29. Re7 Bd7 30. Bxd5 c3 31. bxc3 Rxc3 32. f3 Ra3 33. Bxf7+ Kf8 34. Nd5 Ra1+
35. Kf2 Ra2+ 36. Ke1 Rxa6 37. f5 Bc6 38. Bg6 Bxd5 39. Rc7 b4 40. Kd2 b3 41. Kc3
Rc6+ 42. Rxc6 Bxc6 43. Kxb3 Bxf3 44. Kb4 Ke7 45. Kc5 Be2 46. d5 a5 47. d6+ Kf8 0-1

[Event "Titled Tue 27th May Late"]
[Site "chess.com INT"]
[Date "2025.05.27"]
[Round "9"]
[White "Yanev, Tihomir"]
[Black "Albertini, Luca"]
[Result "1-0"]
[WhiteTitle "IM"]
[WhiteElo "2354"]
[BlackElo "2139"]
[WhiteFideId "2910110"]
[BlackFideId "847038"]
[EventDate "2025.05.27"]

1. e4 e5 2. Nc3 Bc5 3. g3 d6 4. Bg2 h5 5. h3 f5 6. Nge2 f4 7. gxf4 Qh4 8. d4
exd4 9. Nxd4 Nc6 10. Be3 Nxd4 11. Bxd4 Qxf4 12. Nd5 Qf7 13. Qd2 Bxd4 14. Qxd4 c6
15. Ne3 Be6 16. O-O-O Rd8 17. Rhf1 Qf6 18. Qxa7 Ne7 19. Qd4 Rh6 20. f4 Qxd4 21.
Rxd4 Kd7 22. e5 d5 23. f5 Bg8 24. c4 c5 25. Rd2 d4 26. Nd5 b5 27. f6 Nxd5 28.
cxd5 gxf6 29. exf6 Bf7 30. Re2 Re8 31. Rxe8 Kxe8 32. Kd2 Rg6 33. Be4 Rg3 34. Bf5
Kf8 35. d6 Ke8 36. Re1+ Kd8 37. Re7 Be8 38. f7 Bxf7 39. Rxf7 Rf3 40. Rf8# 1-0

[Event "Titled Tue 27th May Late"]
[Site "chess.com INT"]
[Date "2025.05.27"]
[Round "9"]
[White "Pham, Le Thao Nguyen"]
[Black "Jumabayev, Rinat"]
[Result "0-1"]
[WhiteTitle "IM"]
[BlackTitle "GM"]
[WhiteElo "2388"]
[BlackElo "2551"]
[WhiteFideId "12401226"]
[BlackFideId "13702661"]
[EventDate "2025.05.27"]

1. d4 Nf6 2. Nf3 g6 3. Bg5 Bg7 4. e3 c5 5. c3 Qb6 6. Qb3 d6 7. Nbd2 Be6 8. Bc4
Bxc4 9. Nxc4 Qa6 10. a4 O-O 11. O-O Rc8 12. Bxf6 Bxf6 13. d5 b6 14. e4 Nd7 15.
Rfe1 Qb7 16. Rad1 a6 17. e5 dxe5 18. Ncxe5 b5 19. h3 c4 20. Qb4 Nc5 21. a5 Qc7
22. Qa3 Qd6 23. Re2 Rc7 24. Nc6 e6 25. Nb4 Rd8 26. Red2 Nb3 27. Re2 Rc5 28. Nd2
Rxd5 29. Nxd5 Qxd5 30. Kf1 Bg5 31. f3 Bxd2 0-1

[Event "Titled Tue 27th May Late"]
[Site "chess.com INT"]
[Date "2025.05.27"]
[Round "9"]
[White "Jing, Andrew"]
[Black "Chelly, Yahya"]
[Result "0-1"]
[WhiteTitle "FM"]
[BlackTitle "CM"]
[WhiteElo "2254"]
[BlackElo "2039"]
[WhiteFideId "30984076"]
[BlackFideId "5516200"]
[EventDate "2025.05.27"]

1. e4 c6 2. d4 d5 3. e5 Bf5 4. h4 h5 5. Nd2 e6 6. Nb3 a6 7. Bd3 Bxd3 8. Qxd3 Nd7
9. Be3 Rc8 10. Nf3 c5 11. dxc5 Nxc5 12. Nxc5 Bxc5 13. Bxc5 Rxc5 14. c3 Nh6 15.
Nd4 Ng4 16. f4 Qb6 17. Qd2 g6 18. O-O O-O 19. Rae1 Rb5 20. Re2 Rc8 21. g3 a5 22.
Kg2 Rbc5 23. Qd3 Rc4 24. Rf3 Kg7 25. Kh3 Nh6 26. Kg2 a4 27. a3 Ng4 28. Kh3 Nh6
29. Kg2 Ng4 30. f5 gxf5 31. Nxf5+ exf5 32. Rxf5 R8c6 33. Rg5+ Rg6 34. e6 Re4 35.
Rxg6+ fxg6 36. Rxe4 Qf2+ 37. Kh1 Qh2# 0-1

[Event "Titled Tue 27th May Late"]
[Site "chess.com INT"]
[Date "2025.05.27"]
[Round "9"]
[White "Sroczynski, Maciej"]
[Black "Rose, Felix"]
[Result "0-1"]
[WhiteTitle "FM"]
[BlackTitle "CM"]
[WhiteElo "2236"]
[BlackElo "2093"]
[WhiteFideId "1121472"]
[BlackFideId "5105722"]
[EventDate "2025.05.27"]

1. e4 e5 2. Nf3 Nc6 3. Nc3 Nf6 4. a3 d5 5. exd5 Nxd5 6. Bb5 Nxc3 7. bxc3 Bd6 8.
d4 exd4 9. cxd4 O-O 10. O-O Bg4 11. c3 h6 12. h3 Bf5 13. Be3 Qf6 14. Be2 Na5 15.
c4 b6 16. c5 Be7 17. Rc1 Rfd8 18. Qa4 Bd7 19. Qc2 Bf5 20. Qc3 Rab8 21. Ne5 Be4
22. Bf3 Bxf3 23. Nxf3 Qe6 24. Rfe1 Qd5 25. Bxh6 Bxc5 26. Bg5 Bxd4 27. Qxc7 Rdc8
28. Qxa7 Ra8 29. Rxc8+ Rxc8 30. Qa6 Ra8 31. Qe2 Bc5 32. a4 Qc6 33. Ne5 Qxa4 34.
Qg4 Qxg4 35. hxg4 f6 36. Bf4 fxe5 37. Bxe5 Nc6 38. Bb2 Ra2 39. Rb1 Na5 40. Kf1
Nc4 0-1

[Event "Titled Tue 27th May Late"]
[Site "chess.com INT"]
[Date "2025.05.27"]
[Round "9"]
[White "Rosen, Eric"]
[Black "Fadi, Marko"]
[Result "0-1"]
[WhiteTitle "IM"]
[BlackTitle "FM"]
[WhiteElo "2377"]
[BlackElo "2244"]
[WhiteFideId "2032562"]
[BlackFideId "10605371"]
[EventDate "2025.05.27"]

1. d4 d5 2. Bf4 c5 3. Nc3 e6 4. e4 cxd4 5. Qxd4 Nc6 6. Qa4 Bb4 7. O-O-O Bxc3 8.
bxc3 Ne7 9. exd5 exd5 10. Bd3 O-O 11. Ne2 Bd7 12. Qa3 Ng6 13. Bxg6 hxg6 14. Rxd5
Qc8 15. Rhd1 Be6 16. Rd6 Bc4 17. Ng3 Qg4 18. Be3 Be6 19. Ne2 Qxe2 20. h4 Qc4 21.
Kb2 Qxh4 22. Ka1 Rfd8 23. Rxd8+ Rxd8 24. Rb1 b6 25. Qb2 Qc4 26. g3 Na5 27. Bd4
Qd5 28. Re1 Nc4 29. Qc1 a5 30. f4 b5 31. Qb1 b4 32. Qd1 Na3 33. Kb2 Qxa2+ 34.
Kc1 Nc4 35. cxb4 Qa3+ 36. Kb1 Qxb4+ 37. Kc1 Na3 38. Qd2 Qb1# 0-1

[Event "Titled Tue 27th May Late"]
[Site "chess.com INT"]
[Date "2025.05.27"]
[Round "9"]
[White "Miranda Camus, Joaquin Ignacio"]
[Black "Pribelszky, Bence"]
[Result "1-0"]
[WhiteTitle "FM"]
[BlackTitle "IM"]
[WhiteElo "2196"]
[BlackElo "2400"]
[WhiteFideId "3449300"]
[BlackFideId "769738"]
[EventDate "2025.05.27"]

1. e4 c6 2. d4 d5 3. e5 c5 4. dxc5 e6 5. Be3 Nd7 6. b4 Nxe5 7. f4 Nc6 8. c3 Nf6
9. Nf3 Be7 10. Nbd2 O-O 11. Bd3 Ng4 12. Qe2 Bf6 13. Bd4 Nxd4 14. cxd4 Nh6 15.
Ne5 Nf5 16. Ndf3 a5 17. b5 b6 18. c6 Nd6 19. a4 Be7 20. O-O f6 21. Ng4 Nf7 22.
Ne3 Bd6 23. g3 e5 24. Nxd5 exf4 25. gxf4 Bg4 26. Bc4 Re8 27. Qg2 h5 28. h3 Bf5
29. Rae1 Rxe1 30. Rxe1 Bb4 31. Re2 Nd6 32. c7 Qf8 33. Nh4 Nxc4 34. Nxf5 Kh8 35.
Nde7 Bxe7 36. Nxe7 Nd6 37. Ng6+ Kg8 38. Nxf8 Kxf8 39. Qxa8+ Kf7 40. c8=Q Kg6 41.
Qe8+ Kh6 42. Qh8+ Kg6 43. Qae8+ Kf5 44. Qhxh5+ Kxf4 45. Qg4# 1-0

[Event "Titled Tue 27th May Late"]
[Site "chess.com INT"]
[Date "2025.05.27"]
[Round "9"]
[White "Barria Zuniga, Daniel"]
[Black "Zhigalko, Sergei"]
[Result "0-1"]
[WhiteTitle "IM"]
[BlackTitle "GM"]
[WhiteElo "2341"]
[BlackElo "2572"]
[WhiteFideId "3400816"]
[BlackFideId "13502956"]
[EventDate "2025.05.27"]

1. d4 Nf6 2. c4 e6 3. Nf3 b6 4. g3 Ba6 5. Qb3 Nc6 6. Bd2 Bb7 7. Qd3 Nb4 8. Qb3
c5 9. Bg2 Qc8 10. O-O Be7 11. a3 Nc6 12. d5 exd5 13. cxd5 Na5 14. Bxa5 Bxd5 15.
Qc2 Be4 16. Qc4 bxa5 17. Nc3 Bb7 18. e4 Ba6 19. Nb5 O-O 20. e5 Ne8 21. a4 Nc7
22. Nh4 Bxh4 23. Bxa8 Qxa8 24. Qxh4 Qc6 25. Rad1 Bb7 26. f3 Nxb5 27. axb5 Qxb5
28. Qe7 Bc6 29. Rf2 h6 30. h4 c4 31. Kg2 Qb8 32. Qd6 Qb5 33. Rd4 Re8 0-1

[Event "Titled Tue 27th May Late"]
[Site "chess.com INT"]
[Date "2025.05.27"]
[Round "9"]
[White "Barria, Jose"]
[Black "Plat, Vojtech"]
[Result "1/2-1/2"]
[WhiteTitle "FM"]
[BlackTitle "GM"]
[WhiteElo "2379"]
[BlackElo "2482"]
[WhiteFideId "1939300"]
[BlackFideId "325740"]
[EventDate "2025.05.27"]

1. d4 d6 2. Nf3 Nf6 3. c4 g6 4. Nc3 Bg7 5. e4 O-O 6. h3 Nc6 7. d5 Ne5 8. Nxe5
dxe5 9. Be3 e6 10. Be2 exd5 11. cxd5 c6 12. dxc6 bxc6 13. Qxd8 Rxd8 14. Bc4 Bf8
15. Bg5 Be7 16. Be3 Bb4 17. f3 Nh5 18. Kf2 Nf4 19. Rhd1 Be6 20. Bf1 a5 21. g3
Nh5 22. Na4 Rxd1 23. Rxd1 Bxa2 24. Nb6 Re8 25. Bc4 Bxc4 26. Nxc4 f5 27. exf5
gxf5 28. g4 fxg4 29. fxg4 Nf6 30. Bb6 Nd5 31. Bxa5 Bc5+ 32. Kg3 Bd4 33. Rd3 Rf8
34. Rf3 Nf4 35. Bc3 Ne2+ 36. Kg2 Nxc3 37. bxc3 Rxf3 38. Kxf3 Bxc3 39. Ke4 Kf7
40. Kf5 Ke7 41. g5 c5 42. h4 Kf7 43. h5 Ke7 44. Nxe5 Bxe5 45. Kxe5 c4 46. Kd4
Ke6 47. Kxc4 Kf5 48. Kd3 Kxg5 49. Ke2 Kxh5 50. Kf1 Kg4 51. Kg1 h6 52. Kh1 h5 53.
Kg1 Kg3 54. Kh1 Kf2 55. Kh2 h4 56. Kh1 h3 57. Kh2 Kf3 58. Kh1 Kg3 59. Kg1 h2+
60. Kh1 Kh3 1/2-1/2

[Event "Titled Tue 27th May Late"]
[Site "chess.com INT"]
[Date "2025.05.27"]
[Round "9"]
[White "Iskusnyh, Sergei"]
[Black "Sklokin, Sergey"]
[Result "0-1"]
[WhiteTitle "GM"]
[BlackTitle "FM"]
[WhiteElo "2440"]
[BlackElo "2311"]
[WhiteFideId "4120027"]
[BlackFideId "55730230"]
[EventDate "2025.05.27"]

1. d4 Nf6 2. c4 g6 3. g3 c6 4. Bg2 d5 5. e3 Bg7 6. Ne2 O-O 7. O-O dxc4 8. Na3
Be6 9. Qc2 Bd5 10. e4 Be6 11. Nxc4 Nbd7 12. Rd1 Nb6 13. Na5 Qc8 14. Bf4 Rd8 15.
Rac1 h5 16. Qb1 h4 17. Bg5 h3 18. Bh1 Qd7 19. Nc3 Ng4 20. d5 cxd5 21. exd5 Bf5
22. Be4 Rac8 23. Bxf5 gxf5 24. Re1 Ne5 25. Rxe5 Bxe5 26. Re1 Bxc3 27. bxc3 Qxd5
28. f3 Qxa5 29. Bxe7 Rd2 30. Qc1 Nc4 31. Bf6 Qd5 32. Rf1 Qd3 33. Qe1 Ne3 34. g4
Rg2+ 35. Kh1 Qxf1+ 36. Qxf1 Nxf1 37. gxf5 Nxh2 0-1

[Event "Titled Tue 27th May Late"]
[Site "chess.com INT"]
[Date "2025.05.27"]
[Round "9"]
[White "Medina Paz, Miguel"]
[Black "Reprintsev, Alexander"]
[Result "1-0"]
[WhiteTitle "IM"]
[BlackTitle "IM"]
[WhiteElo "2368"]
[BlackElo "2256"]
[WhiteFideId "7300379"]
[BlackFideId "14100541"]
[EventDate "2025.05.27"]

1. d4 d5 2. c4 e5 3. dxe5 d4 4. a3 Nc6 5. Nf3 g6 6. Bf4 Bg7 7. Nbd2 Nh6 8. Nb3
Ng4 9. Nbxd4 Ncxe5 10. e3 c5 11. Nxe5 Nxe5 12. Bxe5 Bxe5 13. Nb5 Qa5+ 14. Qd2
Qxd2+ 15. Kxd2 Bxb2 16. Rd1 Be5 17. f4 Bb8 18. Be2 a6 19. Nc3 Bc7 20. Kc2 Bf5+
21. Bd3 Bxd3+ 22. Rxd3 Ba5 23. Nd5 b5 24. cxb5 axb5 25. Rb1 Rb8 26. Rdb3 b4 27.
axb4 cxb4 28. Ra1 Bd8 29. Rxb4 Rc8+ 30. Kd3 O-O 31. Ra7 Rc1 32. Rb8 Rd1+ 33. Kc4
Rd2 34. Raa8 Rxg2 35. Rxd8 Rxd8 36. Rxd8+ Kg7 37. h3 Rg3 38. Kd4 Rxh3 39. Ke4 h6
40. Ne7 1-0

[Event "Titled Tue 27th May Late"]
[Site "chess.com INT"]
[Date "2025.05.27"]
[Round "9"]
[White "Lezcano, Gustavo"]
[Black "Baladjaev, Gara"]
[Result "1-0"]
[BlackTitle "FM"]
[WhiteElo "2007"]
[BlackElo "2404"]
[WhiteFideId "103306"]
[BlackFideId "13401785"]
[EventDate "2025.05.27"]

1. e4 c5 2. Nc3 Nc6 3. f4 g6 4. Nf3 Bg7 5. Bb5 Nd4 6. Bd3 e6 7. Nxd4 cxd4 8. Ne2
Ne7 9. c3 dxc3 10. dxc3 O-O 11. O-O b6 12. Kh1 Bb7 13. Nd4 Nc6 14. Be3 Nxd4 15.
Bxd4 Bxd4 16. cxd4 d5 17. e5 Rc8 18. Qe2 Rc7 19. Rfc1 Qc8 20. Rxc7 Qxc7 21. Qc2
Qxc2 22. Bxc2 Ba6 23. Kg1 Rc8 24. Bb3 Bd3 25. Kf2 h5 26. g3 b5 27. Ke3 Be4 28.
Kd2 b4 29. Rc1 Rxc1 30. Kxc1 a5 31. Ba4 Kf8 32. a3 Ke7 33. axb4 axb4 34. Kd2 f6
35. Ke3 g5 36. exf6+ Kxf6 37. Be8 h4 38. g4 Bc2 39. Bd7 gxf4+ 40. Kxf4 Be4 41.
Bc8 Ke7 42. Ke5 1-0

[Event "Titled Tue 27th May Late"]
[Site "chess.com INT"]
[Date "2025.05.27"]
[Round "9"]
[White "Arkell, Keith C"]
[Black "Gyurjinyan, Valter"]
[Result "0-1"]
[WhiteTitle "GM"]
[BlackTitle "CM"]
[WhiteElo "2342"]
[BlackElo "2208"]
[WhiteFideId "400270"]
[BlackFideId "13318179"]
[EventDate "2025.05.27"]

1. d4 Nf6 2. Nf3 d5 3. c4 e6 4. cxd5 exd5 5. Nc3 c6 6. Qc2 Be7 7. Bg5 O-O 8. e3
Nbd7 9. Bd3 Re8 10. O-O h6 11. Bh4 Nh5 12. Bh7+ Kh8 13. Bxe7 Qxe7 14. Bf5 Nhf6
15. Rab1 a5 16. Rfc1 b5 17. Ne2 Bb7 18. Nf4 Kg8 19. Nd3 Nb6 20. b3 a4 21. Qc5
Qxc5 22. Nxc5 Bc8 23. Bxc8 Rexc8 24. Ne5 axb3 25. axb3 Ra2 26. Ra1 Rxa1 27. Rxa1
Ne4 28. Nxe4 dxe4 29. Ra6 Nd5 30. Rxc6 Ra8 31. g4 Ra1+ 32. Kg2 Ra2 33. Kg3 Ra1
34. Kg2 Ra2 35. Rc8+ Kh7 36. Nxf7 Nxe3+ 37. Kg3 Nf1+ 38. Kg2 Ne3+ 39. Kg3 Nf1+
40. Kf4 Rxf2+ 41. Kxe4 Rxf7 42. d5 Nxh2 43. d6 Nxg4 44. Kd5 Nf6+ 45. Kc6 b4 46.
Rb8 h5 47. Rxb4 g5 48. Rd4 h4 49. b4 g4 50. b5 h3 51. Rd1 g3 52. Rh1 h2 53. b6
Kg6 54. b7 Rxb7 55. Kxb7 g2 56. Rxh2 g1=Q 57. Rb2 Qd4 58. Rb5 Qxd6 59. Rb6 Qd7+
60. Kb8 Qe8+ 61. Ka7 Kf5 62. Ka6 Qa4+ 63. Kb7 Nd5 64. Rd6 Ke5 65. Rh6 Qb5+ 66.
Kc8 Nf6 67. Rh2 Qc6+ 68. Kb8 Nd7+ 69. Ka7 Qb6+ 70. Ka8 Qb8# 0-1

[Event "Titled Tue 27th May Late"]
[Site "chess.com INT"]
[Date "2025.05.27"]
[Round "9"]
[White "Guliev, Gasan"]
[Black "Garcia Hernandez, Rebeca"]
[Result "1-0"]
[WhiteTitle "CM"]
[BlackTitle "WCM"]
[WhiteElo "2123"]
[BlackElo "1903"]
[WhiteFideId "34165638"]
[BlackFideId "5180872"]
[EventDate "2025.05.27"]

1. d4 Nf6 2. Bg5 d5 3. Nf3 Ne4 4. Bf4 c5 5. e3 Qb6 6. Qc1 Nc6 7. c3 Bf5 8. Nbd2
Nxd2 9. Qxd2 e6 10. dxc5 Bxc5 11. Nd4 Nxd4 12. exd4 Bd6 13. Bxd6 Qxd6 14. Bb5+
Kf8 15. O-O a6 16. Bd3 Bxd3 17. Qxd3 g6 18. f4 h5 19. Rae1 Kg7 20. h3 b5 21. Re5
b4 22. Kh1 Rac8 23. Rf3 bxc3 24. bxc3 Rc4 25. Rg3 Rhc8 26. Qd2 Qc6 27. Ree3 Qd6
28. Qf2 Qa3 29. f5 Rxc3 30. fxg6 fxg6 31. Rxg6+ Kxg6 32. Rxe6+ Kg7 33. Qf6+ Kg8
34. Qg5+ Kf7 35. Qf5+ Kg7 36. Rg6+ Kh7 37. Qxh5# 1-0

[Event "Titled Tue 27th May Late"]
[Site "chess.com INT"]
[Date "2025.05.27"]
[Round "9"]
[White "Gomez Gonzales, Fabiana"]
[Black "Perry, Patrick"]
[Result "0-1"]
[WhiteTitle "WCM"]
[WhiteElo "1843"]
[BlackElo "2296"]
[WhiteFideId "3860191"]
[BlackFideId "30917727"]
[EventDate "2025.05.27"]

1. d4 Nf6 2. Bf4 c5 3. e3 Qb6 4. Nc3 d6 5. dxc5 Qxc5 6. Nf3 g6 7. Be2 Bg7 8. O-O
O-O 9. Qd4 Nbd7 10. h3 a6 11. Qd2 b5 12. a3 Bb7 13. Rac1 Rfc8 14. Rfd1 Ne4 15.
Nxe4 Bxe4 16. c3 Nf6 17. Ne1 Bd5 18. Nd3 Qc7 19. Nb4 Bb3 20. Re1 Ne4 21. Qd3 Nc5
22. Qb1 a5 23. Nd3 Qb6 24. Bd1 Nxd3 25. Qxd3 Bc4 26. Qe4 e6 27. Bc2 d5 28. Qf3
b4 29. axb4 axb4 30. e4 bxc3 31. bxc3 Ra3 32. exd5 Bxd5 33. Qe2 Raxc3 34. Bd3
Rxc1 35. Rxc1 Rxc1+ 36. Bxc1 Qc6 37. Bb2 Bxg2 38. Bxg7 Kxg7 39. Qe5+ f6 40. Qg3
Bd5 41. h4 e5 42. h5 Qc1+ 43. Bf1 Bc4 44. h6+ Kf7 0-1